[Event "Tournoi n27399"]
[Site "www.echecsemail.com"]
[Date "2026.01.27"]
[Round "1"]
[White "Verson"]
[Black "Chevalice"]
[WhiteElo "1870"]
[BlackElo "1680"]
[Result "1-0"]
1.d4 d5
2.Ng1f3 Nb8c6
3.e3 Ng8f6
4.c3 e6
5.Bf1d3 h6
6.Nb1d2 Bf8d6
7.O-O O-O
8.e4 dxe4
9.Nd2xe4 Nf6xe4
10.Bd3xe4 f5
11.Be4c2 e5
12.dxe5 Nc6xe5
13.Qd1d5 Kh8
14.Nf3xe5 Bd6xe5
15.Qd5xe5 c6
16.Bc1xh6 Qd8f6
17.Qe5xf6 Rf8xf6
18.Bh6f4 Bc8e6
19.Rf1e1 Be6d5
20.Re1e5 Rf6g6
21.g3 Ra8f8
22.Re5xf5 Rg6f6
23.Rf5xf6 gxf6
24.Ra1e1 b5
25.Re1e7 f5
26.Bf4e5 { abandon }1-0

[Event "Défi( 10J+24H/c 10J Max )"]
[Site "www.echecsemail.com"]
[Date "2026.01.27"]
[Round "1"]
[White "Woluwe1975"]
[Black "Tiounet"]
[WhiteElo "1630"]
[BlackElo "1560"]
[Result "0-1"]
1.Ng1f3 b5
2.g3 Bc8b7
3.Bf1g2 g6
4.O-O Bf8g7
5.c3 Ng8f6
6.d4 O-O
7.Nb1d2 d6
8.Rf1e1 Nb8d7
9.Qd1c2 c5
10.e3 cxd4
11.exd4 Ra8c8
12.Qc2b1 Nd7b6
13.Qb1d3 a6
14.Qd3f1 Nb6d5
15.Bg2h3 Qd8c7
16.Bh3xc8 Rf8xc8
17.Nd2b3 Rc8e8
18.Nb3d2 e6
19.Nd2b3 b4
20.c4 Nd5b6
21.c5 dxc5
22.Bc1f4 Qc7c6
23.Nb3d2 cxd4
24.Ra1c1 Qc6d5
25.b3 e5
26.Bf4xe5 Nf6g4
27.Qf1d3 Ng4xe5
28.Qd3e4 Ne5xf3
29.Qe4xf3 Re8xe1
30.Rc1xe1 Qd5xf3
31.Nd2xf3 Bb7xf3
32.Re1e8 Bg7f8
33.Kf1 Kg7
34.Re8b8 Nb6d5
35.Ke1 Bf8e7
{ abandon }0-1

[Event "Défi( 10J+24H/c 10J Max )"]
[Site "www.echecsemail.com"]
[Date "2026.01.27"]
[Round "1"]
[White "Hberlioz"]
[Black "Legrillon"]
[WhiteElo "1680"]
[BlackElo "1730"]
[Result "1/2-1/2"]
1.e4 e5
2.Ng1f3 Nb8c6
3.Bf1c4 h6
4.Nb1c3 Ng8f6
5.d4 exd4
6.Nf3xd4 Bf8e7
7.Nd4xc6 bxc6
8.Bc1e3 O-O
9.Qd1d2 a5
10.f4 Bc8a6
11.Bc4xa6 Ra8xa6
12.g4 Nf6xg4
13.O-O-O Be7b4
14.Qd2d3 Ra6a8
15.a3 Bb4xc3
16.Qd3xc3 Ng4f6
17.Rh1g1 Qd8e7
18.e5 Nf6d5
19.Qc3e1 f6
20.exf6 Qe7xf6
21.Be3d4 Qf6xf4
22.Kb1 Rf8f7
23.Rd1d2 Ra8f8
24.c4 Nd5b6
25.Qe1d1 Nb6xc4
26.Rd2f2 Qf4e4
27.Ka2 Qe4d5
28.Rf2xf7 Rf8xf7
29.b3 Nc4d6
30.Qd1g4 Nd6f5
31.Bd4b2 c5
32.h4 Qd5e6
33.Qg4a4 Nf5e3
34.Qa4xa5 c4
35.Qa5c3 cxb3
36.Qc3xb3 Qe6xb3
37.Kxb3 Ne3d5
38.Kc4 Nd5b6
39.Kb5 Nb6d5
40.a4 c6
41.Ka6 Nd5f4
42.Kb7 Nf4d3
43.Bb2c3 Kh7
44.a5 c5
45.a6 d5
46.Kb6 d4
47.Bc3a5 Rf7f6
48.Ka7 Rf6f7
49.Kb6 c4
50.a7 Rf7f8
51.Kb7 Nd3c5
52.Kc6 Rf8c8
53.Kb6 c3
54.Rg1c1 Nc5b3
55.Kb7 Rc8e8
56.Ba5xc3 Nb3xc1
57.Bc3xd4 Nc1b3
58.Bd4b6 Nb3d2
59.Bb6c7 Nd2f3
60.Bc7b8 Re8e7
61.Bb8c7 Re7e8
62.Bc7b8 Re8e7
63.Bb8c7 Re7e8
64.Bc7b8 Re8e7
65.Bb8c7 Re7e8
66.Bc7b8 1/2-1/2

[Event "Tournoi n27351"]
[Site "www.echecsemail.com"]
[Date "2026.01.27"]
[Round "1"]
[White "Jclaude"]
[Black "Tiounet"]
[WhiteElo "1790"]
[BlackElo "1640"]
[Result "0-1"]
1.e4 a6
2.d4 b5
3.Ng1f3 Bc8b7
4.Bf1d3 Ng8f6
5.Qd1e2 g6
6.O-O Bf8g7
7.Bc1f4 O-O
8.Nb1d2 d6
9.d5 Nb8d7
10.Rf1e1 Nd7c5
11.c4 Nc5xd3
12.Qe2xd3 bxc4
13.Nd2xc4 c6
14.dxc6 Bb7xc6
15.Ra1c1 Bc6b5
16.b3 Nf6d7
17.a4 Bb5c6
18.Nc4e3 Bc6b7
19.Ne3d5 Nd7c5
20.Qd3c4 a5
21.Qc4b5 Bb7a6
22.Qb5b6 Qd8xb6
23.Nd5xb6 Ra8a7
24.Rc1b1 Ra7b7
25.b4 Nc5d3
26.b5 Nd3xe1
27.bxa6 Ne1xf3
28.gxf3 Rb7a7
29.Bf4d2 Rf8b8
30.Bd2xa5 Ra7xa6
31.Rb1b5 Bg7d4
{ abandon }0-1

[Event "Défi( 10J+24H/c 10J Max )"]
[Site "www.echecsemail.com"]
[Date "2026.01.27"]
[Round "1"]
[White "Sylvia13"]
[Black "Sam"]
[WhiteElo "1600"]
[BlackElo "1650"]
[Result "0-1"]
1.d4 d5
2.c4 Ng8f6
3.Ng1f3 Bc8f5
4.cxd5 Qd8xd5
5.Nb1c3 Qd5d7
6.Nf3e5 Qd7d6
7.Qd1b3 Qd6xd4
8.Ne5xf7 Rh8g8
9.e3 Qd4b6
10.Qb3c4 Bf5e6
11.Qc4a4 Nb8c6
12.Nf7g5 Be6d7
13.Qa4c4 O-O-O
14.Bf1d3 h6
15.Ng5h7 Nf6xh7
16.Qc4xg8 Nh7f6
17.Qg8c4 Nc6e5
18.Qc4b3 Ne5xd3
19.Kd2 Nd3xf2
20.Qb3xb6 axb6
21.Rh1f1 Nf2e4
22.Ke1 Bd7g4
23.Nc3xe4 Rd8d1
24.Kf2 Nf6xe4
25.Kg1 Rd1xf1
26.Kxf1 e5
27.a3 Bf8c5
28.b4 Bc5d6
29.Ra1a2 Ne4c3
30.Ra2b2 e4
31.Kf2 Nc3d1
32.Kg1 Nd1xb2
33.Bc1xb2 g6
34.h3 Bg4e6
35.Bb2g7 h5
36.Bg7h6 Be6c4
37.Kf2 Bd6e5
38.Bh6g5 Be5b2
39.a4 Bb2a3
40.b5 Kd7
41.Kg3 Ba3c1
{ abandon }0-1

[Event "Défi( 10J+24H/c 10J Max )"]
[Site "www.echecsemail.com"]
[Date "2026.01.27"]
[Round "1"]
[White "Electronlibre"]
[Black "Herakles"]
[WhiteElo "1960"]
[BlackElo "2110"]
[Result "1/2-1/2"]
1.d4 d5
2.c4 e6
3.Ng1f3 Ng8f6
4.g3 Bf8e7
5.Bf1g2 O-O
6.O-O c5
7.Qd1c2 cxd4
8.Nf3xd4 Nb8c6
9.Nd4xc6 bxc6
10.b3 Bc8b7
11.Bc1b2 Ra8c8
12.Nb1d2 c5
13.Nd2f3 d4
14.e3 dxe3
15.fxe3 Nf6g4
16.Rf1e1 Qd8c7
17.Ra1d1 h5
18.e4 Rf8d8
19.Qc2e2 a5
20.e5 Qc7b6
21.Bb2c1 a4
22.h3 Ng4h6
23.Bc1xh6 gxh6
24.bxa4 Qb6a5
25.Nf3h4 Bb7xg2
26.Nh4xg2 Qa5xa4
27.Rd1xd8 Rc8xd8
28.Re1f1 Kg7
29.Qe2xh5 Rd8f8
30.Qh5e2 Rf8d8
31.Qe2h5 Rd8f8
32.Qh5e2 Rf8d8
33.Qe2h5 Rd8f8
34.Qh5e2 Rf8d8
1/2-1/2

[Event "Eq:Vikings-modesty :"]
[Site "www.echecsemail.com"]
[Date "2026.01.27"]
[Round "1"]
[White "Viv59"]
[Black "Chekenblanc"]
[WhiteElo "2300"]
[BlackElo "2350"]
[Result "1-0"]
1.d3 d5
2.c3 e5
3.Ng1f3 Nb8c6
4.e4 dxe4
5.dxe4 Qd8xd1
6.Kxd1 Bc8g4
7.Bc1e3 O-O-O
8.Kc2 Ng8f6
9.Nb1d2 a6
10.Bf1c4 Bg4h5
11.b4 b5
12.Bc4e2 Bh5g6
13.a4 Nf6xe4
14.Nd2xe4 Bg6xe4
15.Kb2 Kb7
16.axb5 axb5
17.Be2xb5 Bf8d6
18.Nf3d2 Be4f5
19.Bb5a6 Kb8
20.b5 Nc6e7
21.c4 Bd6b4
22.Nd2b3 Rd8d3
23.Rh1c1 Rh8d8
24.Ra1a4 c5
25.bxc6 Ne7xc6
26.Ba6b5 Bb4d2
27.Bb5xc6 Bd2xc1
28.Nb3xc1 Rd3d6
29.Bc6b5 Bf5e4
30.c5 Rd6g6
31.Ra4xe4 { abandon }1-0

[Event "Défi( 10J+24H/c 10J Max )"]
[Site "www.echecsemail.com"]
[Date "2026.01.27"]
[Round "1"]
[White "Majula"]
[Black "Gimick"]
[WhiteElo "1630"]
[BlackElo "1540"]
[Result "0-1"]
1.d4 Ng8f6
2.Bc1f4 d6
3.Nb1c3 Bc8f5
4.e3 e6
5.Ng1f3 Nb8c6
6.a3 a6
7.Bf1d3 Bf5xd3
8.Qd1xd3 d5
9.h3 h6
10.Nf3e5 Nc6xe5
11.Bf4xe5 Nf6d7
12.b4 b6
13.O-O-O c5
14.b5 cxd4
15.Be5xd4 Bf8xa3
16.Kb1 a5
17.Ka2 Ba3f8
18.f4 f6
19.Qd3g6 Ke7
20.Rh1f1 Qd8e8
21.Qg6xe8 Kxe8
22.Nc3a4 Ra8b8
23.Rd1c1 Rb8c8
24.c3 Rc8b8
25.c4 dxc4
26.Rc1xc4 Bf8e7
27.Rf1c1 Kf7
28.Rc4c6 e5
29.fxe5 fxe5
30.Bd4xb6 Nd7xb6
31.Na4xb6 Be7b4
32.Rc6c7 Kg6
33.Rc1c6 Kh7
34.g4 Rb8f8
35.Nb6d5 Bb4d2
36.e4 Rf8f2
37.b6 Rh8b8
38.b7 a4
39.Rc7c8 Rb8xb7
40.Nd5b6 Bd2e3
41.Ka3 Be3xb6
42.Kxa4 Bb6c5
{ abandon }0-1

[Event "Eq:modesty-La Diagonale du Fou :"]
[Site "www.echecsemail.com"]
[Date "2026.01.27"]
[Round "1"]
[White "Chekenblanc"]
[Black "Mimimosa"]
[WhiteElo "2300"]
[BlackElo "2310"]
[Result "0-1"]
1.Ng1f3 d5
2.c4 d4
3.b4 g6
4.g3 Bf8g7
5.d3 e5
6.Bf1g2 Ng8e7
7.O-O O-O
8.a4 Nb8d7
9.a5 c5
10.b5 Ra8b8
11.Nb1d2 f5
12.e3 dxe3
{ abandon }0-1

[Event "Tournoi n27411"]
[Site "www.echecsemail.com"]
[Date "2026.01.27"]
[Round "1"]
[White "Gognol"]
[Black "Oranmore"]
[WhiteElo "1920"]
[BlackElo "1920"]
[Result "0-1"]
1.c4 e5
2.Nb1c3 Ng8f6
3.Ng1f3 d6
4.e4 Bf8e7
5.Bf1d3 Nb8d7
6.h3 c6
7.a4 a5
8.Nf3h2 O-O
9.Qd1f3 Nd7c5
10.Bd3c2 Bc8e6
11.b3 Nc5a6
12.Bc2d1 Na6c7
13.Qf3g3 Nf6e8
14.Nh2f3 Be7f6
15.Nc3e2 d5
16.d3 dxe4
17.dxe4 g6
18.Nf3g5 Bf6xg5
19.Bc1xg5 f6
20.Bg5e3 Ne8g7
21.Ne2g1 Qd8d3
22.Ra1a2 Qd3b1
23.Ra2e2 b5
24.Ng1f3 bxc4
25.Nf3d2 Qb1a1
26.Nd2xc4 Rf8d8
27.Be3d2 Nc7a6
28.O-O Na6b4
29.Bd2c3 Qa1c1
30.Bc3d2 Be6xc4
31.Bd2xc1 Bc4xe2
32.Bd1xe2 Ng7e6
33.Be2c4 Kf7
34.Qg3g4 Rd8d6
35.Rf1d1 Ra8d8
36.Rd1xd6 Rd8xd6
37.Bc1e3 Ke7
38.Qg4xg6 hxg6
{ abandon }0-1

[Event "Défi"]
[Site "www.echecsemail.com"]
[Date "2026.01.27"]
[Round "1"]
[White "Lancov"]
[Black "Den"]
[WhiteElo "1940"]
[BlackElo "1890"]
[Result "0-1"]
1.e4 e5
2.Ng1f3 d6
3.d4 Bc8g4
4.d5 Ng8f6
5.Nb1c3 c6
6.Bf1e2 Bf8e7
7.h3 Bg4h5
8.Bc1g5 Nb8d7
9.Qd1d2 Bh5g6
10.O-O-O h6
11.Bg5h4 Nf6xe4
12.Bh4xe7 Qd8xe7
13.Nc3xe4 Bg6xe4
14.dxc6 Be4xc6
15.Qd2xd6 Qe7xd6
16.Rd1xd6 Ke7
17.Rh1d1 f6
18.Nf3h4 Rh8g8
19.Nh4f5 Kd8
20.Nf5e3 Kc7
21.f3 Nd7b6
22.b3 Ra8e8
23.Ne3c4 Nb6c8
24.Rd6d2 b6
25.Nc4a3 e4
26.f4 f5
27.g3 g5
28.Be2b5 gxf4
29.Bb5xc6 Kxc6
30.gxf4 Rg8g3
31.Rd1h1 Rg3f3
32.Na3c4 Rf3xf4
33.Nc4e3 Re8g8
34.Rh1d1 Rf4f3
35.Ne3d5 Rg8g6
36.Nd5b4 Kb7
37.Rd2d7 Ka8
38.Nb4a6 e3
39.Rd7c7 e2
40.Rd1e1 Rf3f1
41.Kd2 Nc8d6
42.Re1xe2 Nd6e4
43.Kd3 Rf1f3
44.Kd4 Rf3xh3
45.Ke5 Rh3f3
46.Rc7f7 Rg6g5
47.Na6c7 Kb8
48.Nc7e6 Rg5g8
49.Ne6d4 Rg8e8
50.Nd4e6 Ne4g5
51.Rf7f6 Ng5xe6
52.Rf6xe6 Re8xe6
53.Kxe6 f4
54.Ke5 Rf3e3
{ abandon }0-1

[Event "Eq:Royal Kids-La Diagonale du Fou :"]
[Site "www.echecsemail.com"]
[Date "2026.01.27"]
[Round "1"]
[White "Foxie519"]
[Black "Skalfa"]
[WhiteElo "1710"]
[BlackElo "1830"]
[Result "1-0"]
1.e4 e5
2.g3 Nb8c6
3.d3 h6
4.c3 Ng8f6
5.h3 Bf8e7
6.Bf1g2 O-O
7.Ng1f3 d6
8.O-O Nf6h7
9.Kh2 f5
10.Nf3g1 Qd8e8
11.f4 Rf8f7
12.Bc1e3 Bc8e6
13.b3 Qe8d7
14.Nb1d2 b6
15.Nd2f3 Ra8f8
16.a4 fxe4
17.dxe4 Nh7f6
18.f5 Nf6xe4
19.fxe6 Qd7xe6
20.Qd1c2 d5
21.Ra1d1 Qe6g6
22.Be3f2 Rf8d8
23.b4 a6
24.b5 axb5
25.axb5 Nc6a5
26.Nf3xe5 Qg6f6
27.Ne5xf7 Qf6xf7
28.Bf2xb6 cxb6
29.Rf1xf7 Kxf7
30.Bg2xe4 dxe4
31.Rd1xd8 Be7xd8
32.Qc2xe4 Bd8f6
33.c4 Kf8
34.Ng1f3 Kf7
35.h4 h5
36.Qe4d5 Kg6
37.Nf3e5 Bf6xe5
38.Qd5xe5 Na5xc4
39.Qe5e6 { abandon }1-0

[Event "Eq:Avalon-La Diagonale du Fou :"]
[Site "www.echecsemail.com"]
[Date "2026.01.27"]
[Round "1"]
[White "Panchoa"]
[Black "Mimie"]
[WhiteElo "1610"]
[BlackElo "1660"]
[Result "0-1"]
1.e4 e5
2.Nb1c3 Ng8f6
3.Bf1c4 Bf8c5
4.Ng1f3 d6
5.O-O O-O
6.Nc3d5 Nf6xd5
7.Bc4xd5 Nb8c6
8.c3 Bc8g4
9.d3 Qd8f6
10.Bd5xc6 bxc6
11.b4 Bc5b6
12.a4 a6
13.Bc1b2 Bg4xf3
14.Qd1xf3 Qf6xf3
15.gxf3 f5
16.exf5 Rf8xf5
17.Bb2c1 Ra8f8
18.Bc1e3 Rf5xf3
19.Be3xb6 cxb6
20.Ra1d1 Rf8f5
21.Kh1 Rf3xf2
22.Rf1g1 Rf5h5
23.Rg1g2 Rf2xg2
24.Kxg2 Rh5f5
25.h3 h5
26.Kg3 g5
27.Rd1e1 Kg7
28.Re1g1 Kg6
29.h4 g4
30.Rg1e1 Rf5f3
31.Kg2 Rf3xd3
32.Re1f1 Rd3f3
33.Rf1d1 d5
34.Rd1e1 e4
35.c4 e3
36.cxd5 cxd5
37.Re1d1 Rf3f2
38.Kg1 g3
39.Rd1d3 e2
{ abandon }0-1

[Event "Coupe Niveau 5"]
[Site "www.echecsemail.com"]
[Date "2026.01.27"]
[Round "1"]
[White "Elghribi"]
[Black "Carrighir"]
[WhiteElo "1920"]
[BlackElo "2130"]
[Result "1-0"]
1.e4 c5
2.Ng1f3 d6
3.d4 cxd4
4.Nf3xd4 Ng8f6
5.Nb1c3 Nb8c6
6.Bf1e2 g6
7.O-O Bf8g7
8.Bc1e3 O-O
9.f3 Bc8d7
10.Qd1d2 Ra8c8
11.Nc3d1 a6
12.c4 Nc6e5
13.Ra1c1 Bd7e6
14.Nd4xe6 fxe6
15.b3 Nf6d7
16.f4 Ne5c6
17.Nd1f2 Qd8e8
18.g3 Nd7c5
19.Be2f3 Rc8d8
20.Nf2d3 Nc5xd3
21.Qd2xd3 Nc6b4
22.Qd3e2 d5
23.exd5 exd5
24.Be3c5 e5
25.Bc5xb4 e4
26.Bb4xf8 Qe8xf8
27.Bf3g2 Qf8c5
28.Kh1 Rd8e8
29.cxd5 Qc5xd5
30.Rc1c4 { abandon }1-0

[Event "Eq:au plaisir du jeux -Vikings :"]
[Site "www.echecsemail.com"]
[Date "2026.01.27"]
[Round "1"]
[White "Moutarde18"]
[Black "Mequinho"]
[WhiteElo "2080"]
[BlackElo "1940"]
[Result "1-0"]
1.d4 c5
2.e4 cxd4
3.c3 dxc3
4.Nb1xc3 Nb8c6
5.Ng1f3 g6
6.Bf1c4 Bf8g7
7.O-O e6
8.Nc3b5 a6
9.Nb5d6 Ke7
10.Bc1e3 b6
11.Qd1b3 Kxd6
12.Ra1d1 Kc7
13.Qb3xb6 1-0

[Event "Coupe Niveau 4"]
[Site "www.echecsemail.com"]
[Date "2026.01.27"]
[Round "1"]
[White "Alain64"]
[Black "Elghribi"]
[WhiteElo "2080"]
[BlackElo "1920"]
[Result "0-1"]
1.f4 Ng8f6
2.Ng1f3 g6
3.b3 Bf8g7
4.Bc1b2 O-O
5.d4 d6
6.Nb1c3 Nb8c6
7.e4 Nf6d7
8.Bf1e2 e5
9.fxe5 dxe5
10.d5 Nc6e7
11.O-O h6
12.Qd1d2 f5
13.exf5 gxf5
14.Ra1e1 e4
15.Nf3d4 Nd7e5
16.Re1d1 a6
17.a4 Bc8d7
18.Nd4e6 Bd7xe6
19.dxe6 Qd8c8
20.Nc3d5 Qc8xe6
21.Nd5xc7 Qe6b6
22.Kh1 Qb6xc7
23.Bb2xe5 Qc7xe5
24.Qd2d7 Ra8b8
25.Be2c4 Kh8
26.Rd1d6 Rb8d8
27.Qd7xd8 Rf8xd8
28.Rd6xd8 Kh7
29.Rf1d1 h5
30.Rd8d7 e3
31.Bc4e2 Kh6
32.Rd7xb7 Bg7f6
33.Rb7b6 Ne7d5
34.Rb6xa6 Nd5c3
35.Rd1d6 Nc3e4
36.h3 Ne4xd6
{ abandon }0-1

[Event "Coupe Niveau 5"]
[Site "www.echecsemail.com"]
[Date "2026.01.27"]
[Round "1"]
[White "Carrighir"]
[Black "Domenico"]
[WhiteElo "2130"]
[BlackElo "1820"]
[Result "1-0"]
1.e4 e5
2.Nb1c3 Ng8f6
3.f4 exf4
4.Ng1f3 Nf6g4
5.Bf1c4 Bf8e7
6.O-O Be7h4
7.d4 Bh4f2
8.Rf1xf2 Ng4xf2
9.Kxf2 O-O
10.Bc1xf4 c6
11.Qd1d2 d5
12.exd5 cxd5
13.Bc4d3 Bc8e6
14.Qd2e2 Nb8c6
15.h4 Rf8e8
16.Bd3xh7 Kf8
17.Qe2d2 Be6g4
18.Ra1h1 Re8e6
19.h5 Qd8d7
20.h6 gxh6
21.Bf4xh6 Ke8
22.Rh1e1 Bg4xf3
23.Re1xe6 Qd7xe6
24.gxf3 Kd7
25.Qd2f4 Qe6e7
26.Bh7f5 Ke8
27.Qf4g4 Qe7f6
28.Qg4g8 { abandon }1-0

[Event "Défi"]
[Site "www.echecsemail.com"]
[Date "2026.01.27"]
[Round "1"]
[White "Tiounet"]
[Black "Voyageur"]
[WhiteElo "1560"]
[BlackElo "1640"]
[Result "0-1"]
1.a3 g6
2.b4 Bf8g7
3.Nb1c3 b6
4.Bc1b2 Bc8b7
5.Ng1f3 d6
6.g3 Nb8d7
7.Bf1g2 Ng8f6
8.O-O O-O
9.d3 e5
10.Nc3b5 a6
11.Nb5c3 b5
12.Nf3d2 c6
13.Nd2e4 Qd8c7
14.a4 Nf6xe4
15.Nc3xe4 f5
16.Ne4d2 d5
17.axb5 axb5
18.Qd1c1 d4
19.c3 dxc3
20.Bb2xc3 Rf8e8
21.Nd2b1 c5
22.Bg2xb7 Ra8xa1
23.Bb7g2 Ra1a7
24.bxc5 Nd7xc5
25.Nb1d2 e4
26.Bc3xg7 Kxg7
27.dxe4 fxe4
28.Qc1b2 Qc7e5
29.Qb2xb5 Ra7a1
30.Nd2c4 Ra1xf1
31.Kxf1 Qe5a1
{ abandon }0-1

[Event "Tournoi n27385"]
[Site "www.echecsemail.com"]
[Date "2026.01.27"]
[Round "1"]
[White "Buzz84"]
[Black "Katastrofic"]
[WhiteElo "1440"]
[BlackElo "1360"]
[Result "1-0"]
1.d4 d5
2.Nb1c3 e6
3.Bc1f4 Bf8e7
4.Nc3b5 Be7d6
5.e3 Bd6xf4
6.exf4 a6
7.Nb5c3 b5
8.a4 c6
9.axb5 cxb5
10.Bf1d3 Ng8f6
11.Ng1f3 O-O
12.O-O b4
13.Nc3a4 a5
14.Na4c5 Bc8a6
15.Nf3e5 Ba6xd3
16.Qd1xd3 Nb8d7
17.h3 Nd7xc5
18.dxc5 Ra8c8
19.c6 Rc8c7
20.Ra1xa5 Nf6h5
21.Qd3f3 Nh5f6
22.f5 Nf6e4
23.f6 Qd8xf6
24.Qf3xf6 Ne4xf6
25.f4 h6
26.f5 exf5
27.Rf1xf5 d4
28.Ra5b5 Rf8a8
29.Kh2 Ra8a4
30.Rb5b8 Kh7
31.b3 Ra4a2
32.Rb8xb4 Ra2xc2
33.Rb4xd4 g6
34.Rf5xf6 Kg7
35.Rf6d6 { abandon }1-0

[Event "Défi"]
[Site "www.echecsemail.com"]
[Date "2026.01.27"]
[Round "1"]
[White "Tian"]
[Black "Kerenor"]
[WhiteElo "1290"]
[BlackElo "1590"]
[Result "0-1"]
1.d4 d5
2.Qd1d3 h6
3.Qd3b5 c6
4.Qb5c5 Nb8a6
5.c3 Na6xc5
6.b4 Nc5e4
7.f3 Ne4f6
8.g4 e6
9.h4 Bf8d6
10.g5 hxg5
11.Bc1xg5 Bd6e7
12.Bg5xf6 Be7xf6
13.Nb1d2 e5
14.dxe5 Bf6xe5
15.Ra1c1 Be5g3
16.Kd1 Bg3xh4
17.e3 Qd8e7
18.Ke2 Bc8f5
19.Bf1h3 Qe7e6
20.Bh3xf5 Qe6xf5
21.f4 O-O-O
22.Ng1f3 Qf5g4
23.Rc1g1 Qg4f5
24.Nf3xh4 Qf5c2
25.Rg1d1 Qc2xc3
26.Rd1c1 Qc3xb4
27.Rc1b1 Qb4a5
28.Rb1b2 Qa5a6
29.Kf3 Ng8f6
30.Nd2b3 Qa6c4
31.Rh1c1 Qc4e4
32.Ke2 Rh8xh4
33.Nb3d2 Rh4h2
34.Kd1 Rh2h1
35.Ke2 Qe4g2
36.Kd3 Rh1xc1
37.f5 d4
38.exd4 Qg2g3
39.Ke2 Qg3e1
40.Kd3 Qe1g3
41.Ke2 Qg3g2
42.Kd3 Qg2f2
43.d5 Rd8xd5
0-1

[Event "Coupe Niveau 1"]
[Site "www.echecsemail.com"]
[Date "2026.01.27"]
[Round "1"]
[White "Vb83"]
[Black "4x4"]
[WhiteElo "1450"]
[BlackElo "1480"]
[Result "0-1"]
1.d4 d5
2.e3 e6
3.Ng1f3 Nb8c6
4.Bf1b5 Bc8d7
5.Bb5xc6 Bd7xc6
6.Nf3e5 Bf8d6
7.Ne5xc6 bxc6
8.O-O Ng8e7
9.a3 O-O
10.Nb1c3 f6
11.h3 Ne7c8
12.Qd1g4 Rf8f7
13.Qg4xe6 Nc8e7
14.g4 g6
15.f4 Kg7
16.Nc3e2 Qd8f8
17.f5 g5
18.c4 Ra8e8
19.c5 Ne7c8
20.Qe6xf7 Qf8xf7
21.cxd6 Nc8xd6
22.b3 Nd6e4
23.b4 Ne4d6
24.Ne2c3 Nd6e4
25.Nc3e2 h5
26.gxh5 Kh6
27.Kh2 Qf7xh5
28.Ne2g3 Ne4xg3
29.Kxg3 Qh5h4
30.Kh2 Qh4e4
31.Rf1e1 Qe4xf5
32.Re1g1 Qf5d3
33.Ra1a2 Qd3c4
34.Ra2f2 Re8f8
35.Kg3 Kh5
36.Rg1f1 Kg6
37.h4 gxh4
38.Kxh4 f5
39.Rf1g1 Kf6
40.Rg1f1 Qc4d3
41.e4 Qd3xe4
42.Kh5 Qe4g4
43.Kh6 Rf8h8
0-1

[Event "Défi"]
[Site "www.echecsemail.com"]
[Date "2026.01.27"]
[Round "1"]
[White "Eclectic"]
[Black "Berjay"]
[WhiteElo "1790"]
[BlackElo "1700"]
[Result "1-0"]
1.e4 e5
2.Ng1f3 Nb8c6
3.Bf1c4 Bf8c5
4.c3 d6
5.h3 Ng8f6
6.d4 exd4
7.cxd4 Bc5b6
8.Qd1b3 O-O
9.Nf3g5 Nc6xd4
10.Qb3d3 c5
11.Ng5xf7 Rf8xf7
12.O-O Bc8e6
13.Bc4xe6 Nd4xe6
14.Nb1c3 Bb6c7
15.f4 Ne6d4
16.Bc1e3 Nd4c6
17.a3 Qd8d7
18.Rf1f3 Nf6h5
19.g4 Nh5f6
20.Ra1e1 Ra8e8
21.Be3d2 Bc7b6
22.Kh2 Nc6d4
23.Rf3e3 Rf7e7
24.Qd3b1 Re7e6
25.Qb1d1 Bb6d8
26.g5 b5
27.gxf6 Re6xf6
28.f5 Bd8c7
29.Nc3d5 Rf6h6
30.Re3g3 Bc7d8
31.Bd2xh6 g6
32.Qd1h5 Kh8
33.fxg6 hxg6
34.Qh5xg6 Bd8h4
35.Nd5f6 Bh4xf6
36.Qg6xf6 Kh7
37.Rg3g7 { abandon }1-0

[Event "Coupe Niveau 5"]
[Site "www.echecsemail.com"]
[Date "2026.01.27"]
[Round "1"]
[White "Alain64"]
[Black "Djayphil"]
[WhiteElo "2090"]
[BlackElo "2000"]
[Result "1-0"]
1.c4 e5
2.Nb1c3 Ng8f6
3.e3 Bf8b4
4.d4 Nf6e4
5.Qd1c2 Bb4xc3
6.bxc3 d5
7.cxd5 Qd8xd5
8.Bf1d3 Ne4f6
9.e4 Qd5d6
10.Ng1f3 Nf6d7
11.a4 b6
12.Bc1a3 c5
13.dxe5 Nd7xe5
14.Bd3b5 Bc8d7
15.Ra1d1 Qd6e7
16.Nf3xe5 Bd7xb5
17.Ne5xf7 Qe7xf7
18.axb5 O-O
19.O-O Nb8d7
20.f4 Nd7f6
21.c4 Rf8d8
22.Ba3b2 Nf6g4
23.Qc2e2 Qf7h5
24.h3 Ng4f6
25.Qe2xh5 Nf6xh5
26.Rd1d5 Rd8xd5
27.cxd5 Nh5g3
28.Rf1e1 Ra8d8
29.Kf2 Ng3h5
30.Kf3 Nh5f6
31.Bb2xf6 gxf6
32.g4 Kf7
33.Re1d1 Rd8e8
34.h4 h6
35.f5 Ke7
36.Kf4 Kd6
37.Rd1a1 Re8e7
38.Ra1g1 Re7g7
39.g5 hxg5
40.hxg5 fxg5
41.Rg1xg5 Rg7xg5
42.Kxg5 c4
43.Kf4 Ke7
44.e5 { abandon }1-0

[Event "Défi"]
[Site "www.echecsemail.com"]
[Date "2026.01.27"]
[Round "1"]
[White "Tiounet"]
[Black "Berjay"]
[WhiteElo "1660"]
[BlackElo "1700"]
[Result "1-0"]
1.a3 e5
2.b4 d5
3.Bc1b2 d4
4.Ng1f3 Nb8c6
5.b5 Nc6e7
6.Nf3xe5 Qd8d5
7.Ne5f3 Ne7f5
8.g3 Qd5xb5
9.Bb2xd4 Qb5d5
10.Bf1g2 Nf5xd4
11.O-O Bc8f5
12.Nf3h4 Qd5e5
13.Nb1c3 O-O-O
14.Nh4xf5 Nd4xf5
15.Nc3e4 Ng8f6
16.Ne4xf6 Qe5xf6
17.c3 g5
18.Qd1b3 b6
19.d3 h5
20.Qb3a4 h4
21.Qa4xa7 Kd7
22.d4 Bf8d6
23.Bg2h3 Ke8
24.e4 Nf5e7
25.e5 Qf6f3
26.Bh3g2 Qf3xc3
27.Qa7b7 hxg3
28.hxg3 Qc3xd4
29.exd6 Qd4xd6
30.Rf1c1 Kd7
31.Bg2h3 Rh8xh3
32.Rc1d1 Rd8h8
33.Rd1xd6 Kxd6
34.Kg2 g4
35.Ra1d1 Ke6
36.Rd1e1 Kf6
37.Kf1 Rh8e8
38.Re1e4 Re8d8
39.Qb7xc7 Rh3h1
40.Kg2 Rd8h8
41.Qc7xe7 Kg7
42.Re4xg4 Kh6
43.Qe7g5 Kh7
44.Qg5g7 1-0

[Event "Défi( 10J+24H/c 10J Max )"]
[Site "www.echecsemail.com"]
[Date "2026.01.27"]
[Round "1"]
[White "Hberlioz"]
[Black "Patau"]
[WhiteElo "1660"]
[BlackElo "1700"]
[Result "1-0"]
1.e4 e5
2.Ng1f3 Ng8f6
3.Nf3xe5 d6
4.Ne5f3 Nf6xe4
5.Qd1e2 Qd8e7
6.d3 Ne4f6
7.Nb1c3 Nb8c6
8.Bc1e3 Bc8g4
9.h3 Bg4xf3
10.Qe2xf3 O-O-O
11.Bf1e2 Nc6e5
12.Qf3g3 Kb8
13.O-O Ne5g6
14.a4 Qe7e5
15.f4 Nf6h5
16.Qg3f3 Qe5e8
17.Rf1e1 Nh5f6
18.Qf3f2 b6
19.a5 d5
20.axb6 cxb6
21.Be3xb6 axb6
22.Qf2xb6 Kc8
23.Ra1a8 Kd7
24.Ra8a7 { abandon }1-0

[Event "Défi"]
[Site "www.echecsemail.com"]
[Date "2026.01.27"]
[Round "1"]
[White "Tartu"]
[Black "Roschecx"]
[WhiteElo "1730"]
[BlackElo "1630"]
[Result "1/2-1/2"]
1.d4 d5
2.c4 c6
3.Nb1c3 e6
4.Ng1f3 h6
5.Bc1f4 Nb8d7
6.e3 Bf8e7
7.Bf1d3 Ng8f6
8.cxd5 cxd5
9.O-O O-O
10.h3 a6
11.Qd1c2 b5
12.a3 Bc8b7
13.Nf3e5 Ra8c8
14.Ne5xd7 Qd8xd7
15.Bf4e5 Bb7c6
16.Qc2e2 Qd7d8
17.Ra1c1 Be7d6
18.Be5xd6 Qd8xd6
19.Rf1d1 Bc6b7
20.b4 Rf8e8
21.Nc3a2 Qd6d7
22.Rc1xc8 Re8xc8
23.Qe2d2 Rc8c7
24.Rd1c1 Qd7c8
25.Rc1xc7 Qc8xc7
26.Na2c3 Qc7c6
27.Qd2c2 Nf6d7
28.Nc3e2 Qc6xc2
29.Bd3xc2 Nd7b6
30.a4 bxa4
31.Ne2c3 a3
32.Bc2b3 Bb7c6
33.Kf1 Bc6b5
34.Ke1 Bb5c4
35.Bb3xc4 Nb6xc4
36.Kd1 a5
37.bxa5 Nc4xa5
38.Kc2 Na5c4
39.Kb3 Kf8
40.Nc3b5 Ke7
41.Nb5c3 Kd7
42.Nc3b5 Kc6
43.Nb5xa3 Nc4xa3
44.Kxa3 Kb5
45.Kb3 f6
46.Kc3 Ka4
47.f3 f5
48.g4 g6
49.h4 fxg4
50.fxg4 h5
51.g5 Kb5
52.Kb3 Ka5
53.Kc3 { nul }1/2-1/2

[Event "Défi( 10J+24H/c 10J Max )"]
[Site "www.echecsemail.com"]
[Date "2026.01.27"]
[Round "1"]
[White "Pandiculaire"]
[Black "Minon"]
[WhiteElo "1850"]
[BlackElo "1940"]
[Result "1-0"]
1.d4 d5
2.c4 dxc4
3.e3 b5
4.a4 Bc8a6
5.Qd1f3 c6
6.axb5 Ba6xb5
7.Nb1a3 a6
8.Na3xc4 e6
9.Bc1d2 Ng8f6
10.Bd2a5 Qd8d5
11.Nc4b6 Qd5xf3
12.Ng1xf3 Bb5xf1
13.Kxf1 Ra8a7
14.Ke2 Nb8d7
15.Rh1c1 c5
16.dxc5 Bf8xc5
17.Nb6xd7 Nf6xd7
18.b4 Bc5b6
19.Rc1c8 { abandon }1-0

[Event "Tetraktus 103"]
[Site "www.echecsemail.com"]
[Date "2026.01.28"]
[Round "1"]
[White "Kawa750"]
[Black "Karkaskat"]
[WhiteElo "1750"]
[BlackElo "2060"]
[Result "0-1"]
1.e4 c5
2.Ng1f3 d6
3.Bf1c4 Ng8f6
4.Nb1c3 Nb8c6
5.h3 a6
6.a3 g6
7.O-O Bf8g7
8.Rf1e1 O-O
9.d4 cxd4
10.Nf3xd4 Bc8d7
11.Bc4a2 b5
12.Nd4f3 Ra8c8
13.Bc1f4 b4
14.axb4 Nc6xb4
15.Ba2b3 Nf6h5
16.Bf4h2 Bg7xc3
 { temps }0-1

[Event "Tournoi n27386"]
[Site "www.echecsemail.com"]
[Date "2026.01.28"]
[Round "1"]
[White "Odemevol"]
[Black "Jyfsk"]
[WhiteElo "1940"]
[BlackElo "1790"]
[Result "1-0"]
1.d4 Ng8f6
2.c4 e6
3.Ng1f3 Bf8e7
4.g3 O-O
5.Bf1g2 c6
6.Nb1c3 d6
7.O-O Bc8d7
8.e4 Nb8a6
9.a3 Ra8b8
10.b4 b6
11.Qd1c2 d5
12.e5 Nf6e8
13.cxd5 cxd5
14.Qc2e2 Na6c7
15.Bc1b2 g6
16.Qe2e3 Ne8g7
17.g4 f6
18.Ra1c1 a6
19.exf6 Be7xf6
20.Nf3e5 Bf6xe5
21.dxe5 Nc7b5
22.Nc3e2 Qd8e7
23.Ne2d4 Nb5xd4
24.Bb2xd4 Bd7b5
25.Rf1e1 Bb5c4
26.Bd4xb6 Rf8c8
27.Bb6c5 Qe7d8
28.Re1d1 Qd8h4
29.h3 h5
30.f3 hxg4
31.fxg4 Qh4d8
32.Rc1xc4 Qd8c7
33.Rc4c1 Qc7b7
34.Bc5d6 Rc8xc1
35.Rd1xc1 Rb8a8
36.Rc1c7 Qb7b5
37.Qe3f2 { abandon }1-0

[Event "ANGOULEME"]
[Site "www.echecsemail.com"]
[Date "2026.01.28"]
[Round "1"]
[White "Mindthegap"]
[Black "4x4"]
[WhiteElo "1450"]
[BlackElo "1450"]
[Result "0-1"]
1.e4 e5
2.Ng1f3 Ng8f6
3.Nf3xe5 d6
4.Ne5f3 Nf6xe4
5.d3 Ne4f6
6.Qd1e2 Qd8e7
7.Qe2xe7 Bf8xe7
8.Bf1e2 Nb8c6
9.O-O Bc8g4
10.Nb1c3 O-O-O
11.Rf1e1 Bg4xf3
12.Be2xf3 Rh8e8
13.Bc1g5 Nc6e5
14.Bg5xf6 Be7xf6
 { temps }0-1